| 000 | 00928nmc a2200325 a 4500 | ||
|---|---|---|---|
| 003 | AR-BaBNM | ||
| 005 | 20251128203855.0 | ||
| 008 | 276019s1984 ||||||||||||||000 | spa|| | ||
| 020 | _a968-429-398-4 | ||
| 040 | _cAR-BaBNM | ||
| 100 | 1 | _aPuiggrós, Adriana | |
| 245 | 1 | 0 |
_aLa educación popular en América Latina _borígenes, polémicas y perspectivas |
| 250 | _a1ª ed. | ||
| 260 |
_aMéxico, D.F. _bNueva Imagen _c1984 |
||
| 300 | 0 | _a342 p. | |
| 490 | 0 | _aEducación | |
| 504 | _aBibliografía: p. 321-340 | ||
| 600 | 1 | 4 |
_aPonce, Anibal _d1898-1938 |
| 600 | 1 | 4 | _aHaya de la Torre, Víctor Raúl |
| 600 | 1 | 4 | _aMaríategui, José Carlos |
| 650 | 4 | _aESTADO Y EDUCACION | |
| 650 | 4 | _aORGANIZACION DE LA EDUCACION | |
| 650 | 4 | _aHISTORIA DE LA EDUCACION | |
| 650 | 4 | _aEDUCACION COMPARADA | |
| 651 | 4 | _aAmérica Latina | |
| 653 | 0 | _aEDUCACION POPULAR | |
| 653 | 0 | _aPEDAGOGOS | |
| 942 | _cBK | ||
| 998 | _csilvi | ||
| 999 |
_c5281 _d5281 |
||